Making economic policy in congress (Record no. 82333)

MARC details
000 -LEADER
fixed length control field 00724nam a2200157 a 4500
008 - FIXED-LENGTH DATA ELEMENTS--GENERAL INFORMATION
fixed length control field 120416s1983 ||||||||||||||||| || u
050 ## - LIBRARY OF CONGRESS CALL NUMBER
Classification number HC 106.7 Mak
100 ## - MAIN ENTRY--PERSONAL NAME
Personal name Schick, Allen
245 10 - TITLE STATEMENT
Title Making economic policy in congress
Statement of responsibility, etc. edited by Allen Schick
260 ## - PUBLICATION, DISTRIBUTION, ETC.
Place of publication, distribution, etc. Delhi
Name of publisher, distributor, etc. Hindustan Publishing Corporation
Date of publication, distribution, etc. 1983
350 ## -
-- 0.00
650 #0 - SUBJECT ADDED ENTRY--TOPICAL TERM
Topical term or geographic name entry element ECONOMICS
650 #0 - SUBJECT ADDED ENTRY--TOPICAL TERM
Topical term or geographic name entry element UNITED STATES--ECONOMIC POLICY
995 ## -
-- ANNEX COLLECTION (Main Library)
-- 0.00
-- 718857
-- CBU-MAIN LIBRARY (Kitwe)
-- 1
-- 75.00
-- HC 106.7 Mak
-- 1
-- AVAILABLE
-- 002469
-- Annex Low-Usage Collection
995 ## -
-- ANNEX COLLECTION (Main Library)
-- 0.00
-- 718856
-- CBU-MAIN LIBRARY (Kitwe)
-- 2
-- 75.00
-- HC 106.7 Mak
-- 2
-- AVAILABLE
-- 002470
-- Annex Low-Usage Collection
999 ## -
-- 82333
-- 82333
Holdings
Withdrawn status Lost status Source of classification or shelving scheme Damaged status Not for loan Permanent Location Current Location Shelving location Date acquired Total Checkouts Full call number Barcode Date last seen Copy number Price effective from Koha item type
          CBU-MAIN LIBRARY, KITWE. CBU-MAIN LIBRARY, KITWE.   09/27/2023   HC 106.7 Mak 002469 09/27/2023 1 09/27/2023 MONOGRAPH
          CBU-MAIN LIBRARY, KITWE. CBU-MAIN LIBRARY, KITWE.   09/27/2023   HC 106.7 Mak 002470 09/27/2023 2 09/27/2023 MONOGRAPH